000 00740nam a2200253 a 4500
001 14982
003 BD-RjUL
005 20211208235728.0
008 161119s1973 nyua b 001 0 eng d
020 _a0444410228
035 _a(BD-RjUL)15036
040 _aDLC
_cDLC
_dBD-RjUL
_beng
041 _aeng
082 _a572
_bINO 1973
_223
245 1 0 _aInorganic biochemistry /
_cedited by Gunther L. Eichhorn.
260 _aNew York :
_bElsevier Scientific Pub. Co.,
_c1973.
300 _aV. :
_bill. ;
_c25 cm.
504 _aIncludes bibliographical references.
505 0 _aVol. 1-- v. 2--
650 _aBiochemistry
_9165929
650 _aChemistry, Inorganic
_9117207
700 _aEichhorn, Gunther Louis,
_946627
942 _2ddc
_cBK
999 _c14982
_d14982